| 000 | 01260nam0a2200301 4500 | ||
|---|---|---|---|
| 001 | RU\NLR\bibl\1905121 | ||
| 005 | 20240921110300.0 | ||
| 010 |
_a9785439600793 _93000 |
||
| 021 |
_aRU _b2012-32345 _92402 |
||
| 035 | _a(NLR Aleph) 001894716 | ||
| 090 |
_a2967566 _c2967566 |
||
| 100 | _a20120518d2012 u y0rusy50 ca | ||
| 101 | 0 | _arus | |
| 102 | _aRU | ||
| 105 | _aa z ||||| | ||
| 200 | 1 |
_aПравовые основы бюджета и бюджетного процесса Европейского Союза _eмонография _fЕ.О. Пазына _gпод науч. ред. к.ю.н., доц. Н.Б. Топорнина |
|
| 210 |
_aМосква _cЮрлитинформ _d2012 |
||
| 215 |
_a187, [2] с. _cил. _d21 |
||
| 225 | 1 | _aБиблиотека международного права | |
| 320 | _aБиблиогр.: с. 155-187 и в подстроч. примеч. | ||
| 606 | 1 |
_aБюджет _xПравовое регулирование _yСтраны Европейского Союза _92527203 _3RU\NLR\auth\661497144 |
|
| 686 | _aХ821 | ||
| 700 | 1 |
_aПазына _bЕ. О. _gЕвгений Олегович _4070 |
|
| 801 | 0 |
_aRU _bNLR _c20120518 _gRCR |
|
| 801 | 1 |
_aRU _bNLR _c20120518 |
|
| 942 | _cBOOK | ||
| 980 | _aNBR | ||